000 01293nam a2200325Ia 4500
001 ebr10060631
003 CaPaEBR
006 m u
007 cr cn|||||||||
008 820608s1982 njuaf sb 001 0 eng d
010 _z 81012779
020 _z0203481100
020 _z0389201170
040 _aCaPaEBR
_cCaPaEBR
035 _a(OCoLC)191031521
050 1 4 _aDA145
_b.W392 1982eb
100 1 _aWebster, Graham.
245 1 0 _aRome against Caratacus
_h[electronic resource] :
_bthe Roman campaigns in Britain, AD 48-58.
260 _aTotowa, N.J. :
_bBarnes & Noble,
_c1982.
300 _a181 p., [16] p. of plates :
_bill.
504 _aIncludes bibliographical references and index.
533 _aElectronic reproduction.
_bPalo Alto, Calif. :
_cebrary,
_d2009.
_nAvailable via World Wide Web.
_nAccess may be limited to ebrary affiliated libraries.
600 0 0 _aCaractacus,
_dfl. 48-51.
651 0 _aGreat Britain
_xHistory.
651 0 _aGreat Britain
_xHistory
_yRoman period, 55 B.C.-449 A.D.
651 0 _aGreat Britain
_xHistory, Military
_y55 B.C.-449 A.D.
655 7 _aElectronic books.
_2local
710 2 _aebrary, Inc.
856 4 0 _uhttp://site.ebrary.com/lib/rucke/Doc?id=10060631
_zAn electronic book accessible through the World Wide Web; click to view
999 _c46106
_d46106